00636nam a2200181Ia 4500008004100000082001700041100001800058245004400076250000800120260003200128300001000160500002400170650002400194942000700218952010600225952010600331999001700437230524s9999 xx 000 0 und d a620.054bCRI aDale Carnegie 0aHow to Win Friends and Influence People a1ST aNEW DELHIbSulabh Pubc2003 aII316 aQuantity Number: 2 aMiscellaneous91877 cBK 00104070aTATCLbTATCLcGENd2023-05-24l0o620.054 CRIp9069r2023-05-24w2023-05-24yBKzCPEE5301 00104070aTATCLbTATCLcGENd2023-05-24l0o620.054 CRIp9070r2023-05-24w2023-05-24yBKzCPEE5301 c33655d33655